000 00247nam a2200109Ia 4500
999 _c9263
_d9263
020 _a9780131202061
100 _aWilliam Wells
245 0 _aAdvertising Principles and Practice
260 _aNew Delhi
_bAddison
_c2002
300 _a621
942 _cBK